| 000 | 00997cam a2200325 a 4500 | ||
|---|---|---|---|
| 001 | 2053168 | ||
| 005 | 20260413140011.0 | ||
| 008 | 931207s1995 mdua b 001 0 eng c | ||
| 010 | _a 93046869 | ||
| 020 | _a9780683004373 | ||
| 035 | _a2053168 | ||
| 040 |
_aDNLM/DLC _cDLC _dDLC |
||
| 050 | 0 | 0 |
_aRC46 _b.P75 1991 |
| 060 | 0 | 0 | _aWX 205 P957 1994 |
| 082 | 0 | 0 |
_a616 _220 |
| 245 | 0 | 0 | _aPrinciples of ambulatory medicine / |
| 250 | _a3rd ed. | ||
| 260 |
_aBaltimore : _bWilliams & Wilkins, _cc1991. |
||
| 300 |
_axviii, 1487 p. : _bill. (some col.) ; _c29 cm. |
||
| 504 | _aIncludes bibliographical references and index. | ||
| 650 | 0 | _aFamily medicine. | |
| 650 | 0 | _aAmbulatory medical care. | |
| 650 | 2 | _aAmbulatory Care. | |
| 700 | 1 |
_aBarker, L. Randol _d(Lee Randol). |
|
| 700 | 1 |
_aBurton, John R. _q(John Russell), _d1937- |
|
| 700 | 1 |
_aZieve, Philip D., _d1932-2016. |
|
| 740 | 0 | _aAmbulatory medicine. | |
| 906 |
_a7 _bcbc _corignew _d1 _eocip _f19 _gy-gencatlg |
||
| 942 |
_2lcc _cBK |
||
| 999 |
_c60346 _d60346 |
||